<?xml version="1.0" encoding="UTF-8"?>
<record
    xmlns:xsi="http://www.w3.org/2001/XMLSchema-instance"
    xsi:schemaLocation="http://www.loc.gov/MARC21/slim http://www.loc.gov/standards/marcxml/schema/MARC21slim.xsd"
    xmlns="http://www.loc.gov/MARC21/slim">

  <leader>00374nam a2200157Ia 4500</leader>
  <controlfield tag="008">220803s9999    xx            000 0 und d</controlfield>
  <datafield tag="020" ind1=" " ind2=" ">
    <subfield code="a">9789385360336</subfield>
  </datafield>
  <datafield tag="041" ind1=" " ind2=" ">
    <subfield code="a">eng</subfield>
  </datafield>
  <datafield tag="082" ind1=" " ind2=" ">
    <subfield code="a">728.3</subfield>
  </datafield>
  <datafield tag="100" ind1=" " ind2=" ">
    <subfield code="a">Bhatia G.</subfield>
    <subfield code="9">26892</subfield>
  </datafield>
  <datafield tag="245" ind1=" " ind2=" ">
    <subfield code="a">Blueprint.</subfield>
  </datafield>
  <datafield tag="260" ind1=" " ind2=" ">
    <subfield code="a">Ammedabad</subfield>
    <subfield code="b">Mapin Publishing-- Ahmedabad.</subfield>
    <subfield code="c">2018</subfield>
  </datafield>
  <datafield tag="300" ind1=" " ind2=" ">
    <subfield code="a">352p</subfield>
  </datafield>
  <datafield tag="500" ind1=" " ind2=" ">
    <subfield code="a">35</subfield>
  </datafield>
  <datafield tag="650" ind1=" " ind2=" ">
    <subfield code="a">Housing</subfield>
    <subfield code="9">26893</subfield>
  </datafield>
  <datafield tag="999" ind1=" " ind2=" ">
    <subfield code="c">17132</subfield>
    <subfield code="d">17132</subfield>
  </datafield>
  <datafield tag="952" ind1=" " ind2=" ">
    <subfield code="0">0</subfield>
    <subfield code="1">0</subfield>
    <subfield code="4">0</subfield>
    <subfield code="7">0</subfield>
    <subfield code="8">Book of B Arch</subfield>
    <subfield code="a">BNCA</subfield>
    <subfield code="b">BNCA</subfield>
    <subfield code="c">M</subfield>
    <subfield code="d">2019-08-23</subfield>
    <subfield code="e">Word Book Shop</subfield>
    <subfield code="g">2465.00</subfield>
    <subfield code="o">728.3 BHA</subfield>
    <subfield code="p">BNCA-BK-11224</subfield>
    <subfield code="r">2022-08-03 00:00:00</subfield>
    <subfield code="v">2500.00</subfield>
    <subfield code="w">2019-07-30</subfield>
    <subfield code="y">RF</subfield>
    <subfield code="z">B11224</subfield>
  </datafield>
  <datafield tag="952" ind1=" " ind2=" ">
    <subfield code="0">0</subfield>
    <subfield code="1">0</subfield>
    <subfield code="4">0</subfield>
    <subfield code="7">0</subfield>
    <subfield code="8">Book of B Arch</subfield>
    <subfield code="a">BNCA</subfield>
    <subfield code="b">BNCA</subfield>
    <subfield code="c">M</subfield>
    <subfield code="d">2019-08-23</subfield>
    <subfield code="e">Word Book Shop</subfield>
    <subfield code="g">2465.00</subfield>
    <subfield code="l">1</subfield>
    <subfield code="o">728.3 BHA</subfield>
    <subfield code="p">BNCA-BK-11225</subfield>
    <subfield code="r">2025-09-10 00:00:00</subfield>
    <subfield code="s">2025-09-02</subfield>
    <subfield code="v">2500.00</subfield>
    <subfield code="w">2019-07-30</subfield>
    <subfield code="y">RF</subfield>
    <subfield code="z">B11225</subfield>
  </datafield>
  <datafield tag="952" ind1=" " ind2=" ">
    <subfield code="0">0</subfield>
    <subfield code="1">0</subfield>
    <subfield code="4">0</subfield>
    <subfield code="7">0</subfield>
    <subfield code="8">Book of B Arch</subfield>
    <subfield code="a">BNCA</subfield>
    <subfield code="b">BNCA</subfield>
    <subfield code="d">2021-12-06</subfield>
    <subfield code="e">Word Book</subfield>
    <subfield code="g">1625.00</subfield>
    <subfield code="l">1</subfield>
    <subfield code="o">728 BHA</subfield>
    <subfield code="p">BNCA-BK-11548</subfield>
    <subfield code="r">2025-09-17 10:55:03</subfield>
    <subfield code="s">2025-09-02</subfield>
    <subfield code="v">2500.00</subfield>
    <subfield code="w">2021-11-30</subfield>
    <subfield code="y">BK</subfield>
    <subfield code="z">B11548</subfield>
  </datafield>
</record>
